000
00319pab a2200145 454500
008
180718b2003 xxu||||| |||| 00| 0 eng d
100
_a
Hamid, Saiyid
245
_a
What Islam stands for
260
_c
2003
300
_a
p.48-68.
362
_a
Apr-Jun
650
_a
Islam
773
_a
World Affairs
909
_a
57972
999
_c
57972
_d
57972